Quizzes
Events
Quiz Creation
Community
Videos
Private Events
Remove Ads
Sign In
Join for FREE
Feedback
Dark Mode
Quiz Categories
Sports
Geography
Music
Movies
Television
Just For Fun
Miscellaneous
History
Literature
Language
Science
Gaming
Entertainment
Religion
Holiday
For Kids
Quiz Lab
Recent
Popular Today
Quiz Kudos Today
Editor Picks
Curator Picks
Quizzes by...
Day
Popularity
Type
Ratings
Length
Year
Community
Subscriptions
Recent Discussions
Orange Saloon
Badges
Playlists
Quests
Create
Leaderboards
Showdown
Live 5
Trivia Bingo
Activity
Puzzle Library
Sporcle Events
Private Events
Virtual Trivia
Globe League
Become a Host
Pub Owners
SporcleCon
Opinionation
Our Games
Videos
Blog
Mobile Apps
Partnerships
Remove Ads and Go Orange
Feedback
Music
Pop Music
The Beatles
Song
Album
Lyrics
Bands
Singers
Artist
Clip
Rock
Rap
Classical
Billboard
Country Music
Kpop
Taylor Swift
Music
Pop Music
The Beatles
Song
Album
Lyrics
Bands
Singers
Artist
Clip
Rock
Rap
Classical
Billboard
Country Music
Kpop
Taylor Swift
Random Quiz
Search Sporcle
×
Quiz Lab
Quiz Lab
Music
Song
Type in answers that appear in a list
Type in answers that appear in a list
Classic
Best Score? Go Orange.
Rap Songs A-Z: Part 2 Stats
Can you name the Rap Songs A-Z: Part 2?
By
wjd5073
7m
27 Questions
508 Plays
508 Plays
508 Plays
Comments
Comments
Give Quiz Kudos
Give Quiz Kudos
-
- Ratings
hide this ad
Forced Order
Answers have to be entered in order
Answers have to be entered in order
Replay
Link that replays current quiz
Next Quiz
Link to next quiz in quiz playlist
You Got
0%
They Got
Avg Score
30%
Avg Friend Score
Upgrade to see
Score Distribution
Jump to the score distribution portion of the page
Score
0/27
Timer
07:00
0
Plays Today
Song
Rapper
% Correct
Jesus Walks
Kanye West
88.4%
All Eyez On Me
2pac
84.8%
The Next Episode
Dr. Dre
70.1%
I Used to Love H.E.R.
Common
44.7%
'X'
Xzibit
38.6%
Outta Control
50 Cent
38.2%
Headsprung
LL Cool J
37%
Da Mystery of Chessboxin'
Wu Tang Clan
31.1%
Kush
Lil Wayne
29.7%
U Don't Know Me
T.I.
29.1%
Yellow Brick Road
Eminem
27.2%
Paul Revere
Beastie Boys
26%
Can I Live
Jay-Z
25.8%
Warning
Notorious B.I.G.
25%
Song
Rapper
% Correct
Scenario
A Tribe Called Quest
24.8%
Queens Get The Money
Nas
23.6%
Elevators (Me & You)
Outkast
23.4%
Brooklyn (Zoo)
Ol' Dirty Bastard
22.6%
Mathematics
Mos Def
22%
'98 Freestyle
Big L
21.3%
Full Clip
Gang Starr
19.5%
Like Father, Like Son
The Game
17.5%
Game Theory
The Roots
15.9%
Vacation
Young Jeezy
15%
Beats to the Rhyme
Run-DMC
6.7%
They School
Dead Prez
5.1%
Run 4 Cover
Method Man & Redman
3.7%
Quiz Playlist
Details
Report
Send in Message
Add To Playlist
Classic:
Type in answers that appear in a list
Forced Order:
Answers have to be entered in order
Last Updated: Feb 16, 2017
Quiz Scoreboard
CHALLENGE
Sign Up to Join the Scoreboard
Show All
Scores
Hide
Comments
May contain spoilers
Recently Published
Billboard Blitz: Fleetwood Mac
by CooCooCachoo
Music
15s
Presidents Visiting Landmarks
by Hejman
History
7m
An Introduction to Baseball
by treessimontrees
Sports
5m
More to Explore
Quiz From the Vault
Featured Blog Post
Where Did the Easter Bunny Come From?
hide this ad
You Might Also Like...
Tags
Rap Quiz
Song Quiz
A-Z
Rapper
Rap Songs
Today's Top Quizzes in Music
Browse Music
hide this ad
Today's Top Quizzes in Song
Browse Song
Top Contributed Quizzes in Music
1
Taylor Swift All Songs (2024)
2
Guess the Artist- 70s Songs
3
7-to-1: Billboard Hot 100 #1 Hits of 2010s
4
Sorting Albums and Songs
5
Taylor Swift Logic Puzzle
6
KPOP LOGIC QUIZ
7
One Thing in Common: Music
8
Guess the Taylor Swift song (Mystery Song)
9
2010s Album by Cover III
10
Guess The Taylor Swift Lyrics Song #1
Explore More
Trending Topics
Crossword
Kpop
Anime
Marvel
Disney
Harry Potter
NBA
Song
The Office
Soccer
Country
WWE
Puzzle
Pokémon
NFL
hide this ad
More By:
wjd5073
Quiz
Plays
Rating
Category
Featured
Created
Kanye West Opening Lines
9,650
3.46
Music
Aug 7, 2011
VH1 200 Greatest Pop Culture Icons
3,826
3.42
Entertainment
Dec 11, 2009
Bravo 100 Funniest Movies
3,448
3.88
Movies
Jan 17, 2010
Rap Songs A-Z
931
2.50
Music
Dec 13, 2009
Empire Greatest Movies 100-1
780
3.60
Movies
Jan 24, 2010
Go to Creator's Profile
Score Distribution
Quiz Creator Spotlight
wjd5073
Follow
Send a Message
Quizzes Created
-
Created Quiz Play Count
-
More By This Creator
Popular Quizzes Today
1
Find the US States - No Outlines Minefield
2
Find the Countries of Europe - No Outlines Minefield
3
The Countries of the World
4
Find the US States
5
Risky Map Clicking: Biggest States A-Z
6
US States
7
Popular People in 1961
8
Movies - When Are They Set?
More Music Quizzes
Figure Out the Disney Lyrics XII
Published
Trending Quizzes
Risky Map Clicking: Least Populous States A-Z
1-10 Letter G Words
1-10 Letter F Words
Risky Map Clicking: Next State Alphabetically
Risky Map Clicking: Biggest States A-Z
Recently Updated
Leaping Animals
pecheneg
Reality TV Shows (A-Z)
bhenderson79
Rickey Henderson's Hall of Fame Teammates
pecheneg
Champions League XIs: Arsenal
pecheneg
Quick Pick: Celebrities in WWE's Hall of Fame
aduchscher
A-Z Keypad Blitz II
pecheneg
Multiple Oscar Actors
pecheneg
Mystery Phrase Blitz: Oscar 'Best Actors'
pecheneg
F. Scott Fitzgerald Novels
LTH
Pick 3 Villains
ddd62291
Trending Topics
Crossword
NBA
Disney
Marvel
Harry Potter
Anime
Kpop
The Office
Pokémon
Country
Soccer
Song
NFL
Puzzle
WWE
Your Account Isn't Verified!
In order to create a playlist on Sporcle, you need to verify the email address you used during registration. Go to your
Sporcle Settings
to finish the process.
Report this User
Report this user for behavior that violates our
Community Guidelines
.
Details:
Send Report
Go to the Sporcle.com Mobile Site →
Comments